Countries with the most immigrants in EU - Statistics

General Stats
  • This quiz has been taken 68 times
  • The average score is 7 of 10
Answer Stats
Immigrants Country of origin % Correct
2.08M+ Turkey
91%
1.81M+ Russia
89%
2.29M+ Morocco
88%
1.06M+ India
84%
826K+ China
82%
1.51M+ Algeria
79%
1.09M+ Ukraine
75%
903K+ Albania
39%
956K+ Bosnia and Herzegovina
34%
877K+ Kazakhstan
21%
No matching quizzes found
Score Distribution
Percent of People with Each Score
Percentile by Number Answered
Your Score History
You have not taken this quiz